Т. 19; Металловедение и термическая обработка; Направленная кристаллизация; Структурные исследования. Электронная микроскопия и спектроскопия; Трение и износ
| Parent link: | Металловедение и термическая обработка/ Академия наук СССР (АН СССР), Всесоюзный институт научной и технической информации (ВИНИТИ). Т. 19.— , 1966-1991.— 0202-7739 |
|---|---|
| Idioma: | rus |
| Publicat: |
1985
|
| TOC: | В. А. Татарченко, Направленная кристаллизация; М. П. Усиков, Структурные исследования. Электронная микроскопия и спектроскопия; Л. М. Рыбакова, Л. И. Куксенова, Трение и износ; |
| Matèries: | |
| Format: | Llibre |
| KOHA link: | https://koha.lib.tpu.ru/cgi-bin/koha/opac-detail.pl?biblionumber=285565 |
MARC
| LEADER | 00000nam2a2200000 4500 | ||
|---|---|---|---|
| 001 | 285565 | ||
| 005 | 20231101235815.0 | ||
| 035 | |a (RuTPU)RU\TPU\book\309808 | ||
| 035 | |a RU\TPU\book\309799 | ||
| 090 | |a 285565 | ||
| 100 | |a 20150226d1985 k y0rusy50 ca | ||
| 101 | 0 | |a rus | |
| 102 | |a RU | ||
| 105 | |a a z 001zy | ||
| 200 | 0 | |a Т. 19 | |
| 210 | |d 1985 | ||
| 215 | |a 246 с. |c ил. | ||
| 320 | |a Библиогр. в конце работ | ||
| 461 | 1 | |0 (RuTPU)RU\TPU\book\221267 |x 0202-7739 |t Металловедение и термическая обработка |f Академия наук СССР (АН СССР), Всесоюзный институт научной и технической информации (ВИНИТИ) |v Т. 19 |d 1966-1991 |s Металловедение и термическая обработка | |
| 464 | |t Направленная кристаллизация |f В. А. Татарченко | ||
| 464 | |t Структурные исследования. Электронная микроскопия и спектроскопия |f М. П. Усиков | ||
| 464 | |t Трение и износ |f Л. М. Рыбакова, Л. И. Куксенова | ||
| 606 | |a Металловедение |x Общие вопросы |2 stltpush |3 (RuTPU)RU\TPU\subj\42403 |9 62070 | ||
| 606 | |a Термическая обработка металлов |2 stltpush |3 (RuTPU)RU\TPU\subj\68426 |9 83756 | ||
| 610 | 1 | |a направленная кристаллизация | |
| 610 | 1 | |a затвердевание | |
| 610 | 1 | |a металлы | |
| 610 | 1 | |a сплавы | |
| 610 | 1 | |a электронная микроскопия | |
| 610 | 1 | |a спектроскопия | |
| 610 | 1 | |a структурные исследования | |
| 610 | 1 | |a фазовые превращения | |
| 610 | 1 | |a трение | |
| 610 | 1 | |a износ | |
| 610 | 1 | |a твердые тела | |
| 675 | |a 669.017 |v 4 | ||
| 675 | |a 621.785 |v 4 | ||
| 801 | 1 | |a RU |b 63413507 |c 20120904 | |
| 801 | 2 | |a RU |b 63413507 |c 20171226 |g RCR | |
| 942 | |c BK | ||